My Hero Academia Episode Titles - Statistics

General Stats
  • This quiz has been taken 6 times
    5 since last reset
  • The average score is 6 of 170
Answer Stats
Hint Answer % Correct
Season 3 Episode 9 All For One
60%
Season 1 Episode 1 Izuku Midoriya: Origin
60%
Season 3 Episode 11 One For All
60%
Season 1 Episode 12 All Might
40%
Season 2 Episode 24 Katsuki Bakugo: Origin
40%
Season 3 Episode 4 My Hero
40%
Season 3 Episode 17 Class 1-A
20%
Season 6 Episode 23 Deku vs. Class A
20%
Season 1 Episode 7 Deku vs. Kacchan
20%
Season 8 Episode 8 Izuku Midoriya Rising
20%
Season 6 Episode 9 Katsuki Bakugo: Rising
20%
Season 8 Episode 11 My Hero Academia
20%
Season 5 Episode 20 My Villain Academia
20%
Season 4 Episode 18 School Festival
20%
Season 5 Episode 23 Tenko Shimura: Origin
20%
Season 5 Episode 17 The Hellish Todoroki Family
20%
Season 5 Episode 24 Tomura Shigaraki: Origin
20%
Season 8 Episode 1 Toshinori Yagi: Rising
20%
Season 7 Episode 3 Villain
20%
Season 3 Episode 2 Wild, Wild Pussycats
20%
Season 7 Episode 13 A Chain of Events, Across the Ages
0%
Season 7 Episode 20 A Girl's Ego
0%
Season 5 Episode 1 All Hands on Deck! Class 1-A
0%
Season 4 Episode 6 An Unpleasant Talk
0%
Season 6 Episode 1 A Quiet Beginning
0%
Season 3 Episode 24 A Season for Encounters
0%
Season 3 Episode 22 A Talk about Your Quirk
0%
Season 6 Episode 24 A Young Woman's Declaration
0%
Season 1 Episode 8 Bakugo's Start Line
0%
Season 2 Episode 9 Bakugo vs. Uraraka
0%
Season 2 Episode 8 Battle on Challengers!
0%
Season 7 Episode 21 Battle Without a Quirk
0%
Season 2 Episode 14 Bizarre! Gran Torino Appears
0%
Season 4 Episode 3 Boy Meets...
0%
Season 4 Episode 14 Bright Future
0%
Season 7 Episode 15 Butterfly Effect
0%
Season 2 Episode 5 Cavalry Battle Finale
0%
Season 5 Episode 3 Clash! Class A vs. Class B!
0%
Season 2 Episode 17 Climax
0%
Season 3 Episode 14 Create Those Ultimate Moves
0%
Season 6 Episode 11 Dabi's Dance
0%
Season 4 Episode 21 Deku vs. Gentle Criminal
0%
Season 3 Episode 23 Deku vs. Kacchan, Part 2
0%
Season 6 Episode 7 Disaster Walker
0%
Season 7 Episode 6 Division
0%
Season 3 Episode 5 Drive It Home, Iron Fist!!!
0%
Season 5 Episode 9 Early Bird!
0%
Season 2 Episode 25 Encounter
0%
Season 6 Episode 6 Encounter, Part 2
0%
Season 1 Episode 10 Encounter with the Unknown
0%
Season 3 Episode 12 End of the Beginning, Beginning of the End
0%
Season 8 Episode 9 Epilogue, The Hellish Todoroki Family: Final
0%
Season 2 Episode 19 Everyone's Internships
0%
Season 7 Episode 9 Extras
0%
Season 4 Episode 4 Fighting Fate
0%
Season 2 Episode 11 Fight on, Ida
0%
Season 6 Episode 13 Final Performance
0%
Season 5 Episode 6 Foresight
0%
Season 6 Episode 22 Friend
0%
Season 8 Episode 7 From Aizawa
0%
Season 3 Episode 8 From Iida to Midoriya
0%
Season 6 Episode 19 Full Power!!
0%
Season 1 Episode 11 Game Over
0%
Season 3 Episode 1 Game Start
0%
Season 2 Episode 21 Gear up for Final Exams
0%
Season 4 Episode 7 Go!!
0%
Season 4 Episode 20 Gold Tips Imperial
0%
Season 5 Episode 13 Have a Merry Christmas!
0%
Season 6 Episode 14 Hellish Hell
0%
Season 2 Episode 16 Hero Killer: Stain vs U.A. Students
0%
Season 6 Episode 20 Hired Gun
0%
Season 4 Episode 25 His Start
0%
Season 8 Episode 5 History's Greatest Villain
0%
Season 7 Episode 17 Hopes
0%
Season 7 Episode 19 I Am Here
0%
Season 1 Episode 13 In Each of Our Hearts
0%
Season 4 Episode 13 Infinite 100%
0%
Season 7 Episode 7 Inflation
0%
Season 6 Episode 4 Inheritance
0%
Season 2 Episode 3 In Their Own Quirky Ways
0%
Season 7 Episode 1 In the Nick of Time! A Big Time Maverick from the West
0%
Season 7 Episode 18 It's a Small World
0%
Season 6 Episode 18 Izuku Midoriya and Tomura Shigaraki
0%
Season 4 Episode 24 Japanese Hero Billboard Chart
0%
Season 3 Episode 3 Kota
0%
Season 6 Episode 8 League of Villains vs. U.A. Students
0%
Season 4 Episode 11 Lemillion
0%
Season 4 Episode 23 Let It Flow! School Festival!
0%
Season 4 Episode 5 Let's Go, Gutsy Red Riot
0%
Season 7 Episode 5 Let You Down
0%
Season 7 Episode 11 Light Fades to Rain
0%
Season 2 Episode 20 Listen up!! A Tale from the Past
0%
Season 5 Episode 16 Long Time No See, Selkie
0%
Season 5 Episode 4 Make It Happen, Shinso!
0%
Season 5 Episode 7 Match 3
0%
Season 5 Episode 8 Match 3 Conclusion
0%
Season 2 Episode 15 Midoriya and Shigaraki
0%
Season 6 Episode 2 Mirko, the No. 5 Hero
0%
Season 5 Episode 19 More of a Hero Than Anyone
0%
Season 3 Episode 13 Moving into Dorms
0%
Season 6 Episode 25 No Man Is an Island
0%
Season 5 Episode 14 Off to Endeavor's Agency!
0%
Season 6 Episode 3 One's Justice
0%
Season 5 Episode 15 One Thing at a Time
0%
Season 5 Episode 5 Operation New Improv Moves
0%
Season 5 Episode 11 Our Brawl
0%
Season 4 Episode 2 Overhaul
0%
Season 4 Episode 19 Prepping for the School Festival Is the Funnest Part
0%
Season 8 Episode 4 Quirk: Explosion!!
0%
Season 1 Episode 6 Rage, You Damn Nerd
0%
Season 4 Episode 9 Red Riot
0%
Season 4 Episode 17 Relief for License Trainees
0%
Season 3 Episode 19 Rescue Exercises
0%
Season 5 Episode 21 Revival Party
0%
Season 1 Episode 3 Roaring Muscles
0%
Season 2 Episode 2 Roaring Sports Festival
0%
Season 3 Episode 6 Roaring Upheaval
0%
Season 3 Episode 18 Rush!
0%
Season 5 Episode 22 Sad Man's Parade
0%
Season 4 Episode 22 School Festival Start!!
0%
Season 3 Episode 16 Shiketsu High Lurking
0%
Season 2 Episode 10 Shoto Todoroki: Origin
0%
Season 4 Episode 15 Smoldering Flames
0%
Season 3 Episode 20 Special Episode: Save the World with Love!
0%
Season 7 Episode 2 Specter
0%
Season 1 Episode 4 Start Line
0%
Season 2 Episode 4 Strategy, Strategy, Strategy
0%
Season 2 Episode 23 Stripping the Varnish
0%
Season 4 Episode 8 Suneater of the Big Three
0%
Season 3 Episode 10 Symbol of Peace
0%
Season 6 Episode 15 Tartarus
0%
Season 4 Episode 10 Temp Squad
0%
Season 2 Episode 1 That's the Idea, Ochaco
0%
Season 5 Episode 10 That Which Is Inherited
0%
Season 2 Episode 18 The Aftermath of Hero Killer: Stain
0%
Season 2 Episode 6 The Boy Born with Everything
0%
Season 7 Episode 16 The Chain Thus Far
0%
Season 8 Episode 2 The End of an Era, and the Beginning
0%
Season 8 Episode 3 The Final Boss!!
0%
Season 8 Episode 10 The Girl Who Loves Smiles
0%
Season 6 Episode 16 The Hellish Todoroki Family, Part 2
0%
Season 5 Episode 25 The High, Deep Blue Sky
0%
Season 6 Episode 21 The Lovely Lady Nagant
0%
Season 5 Episode 12 The New Power and All For One
0%
Season 6 Episode 10 The Ones Within Us
0%
Season 4 Episode 1 The Scoop on U.A. Class 1-A
0%
Season 7 Episode 4 The Story of How We All Became Heroes
0%
Season 3 Episode 15 The Test
0%
Season 6 Episode 5 The Thrill of Destruction
0%
Season 5 Episode 18 The Unforgiven
0%
Season 6 Episode 17 The Wrong Way to Put Out a Fire
0%
Season 7 Episode 12 Those Who Defend, Those Who Violate
0%
Season 6 Episode 12 Threads of Hope
0%
Season 2 Episode 13 Time to Pick Some Names
0%
Season 2 Episode 12 Todoroki vs. Bakugo
0%
Season 7 Episode 14 Together with Shoji
0%
Season 7 Episode 8 Two Flashfires
0%
Season 4 Episode 12 Unforeseen Hope
0%
Season 3 Episode 25 Unrivaled
0%
Season 5 Episode 2 Vestiges
0%
Season 2 Episode 7 Victory or Defeat
0%
Season 3 Episode 7 What a Twist!
0%
Season 1 Episode 5 What I Can Do For Now
0%
Season 1 Episode 2 What It Takes to Be a Hero
0%
Season 3 Episode 21 What's the Big Idea?
0%
Season 4 Episode 16 Win Those Kids' Hearts
0%
Season 7 Episode 10 Wounded Hero, Burning Bright and True!!
0%
Season 8 Episode 6 Wrench It Open Izuku Midoriya!!
0%
Season 2 Episode 22 Yaoyorozu: Rising
0%
Season 1 Episode 9 Yeah, Just Do Your Best, Iida!
0%
No matching quizzes found
Score Distribution
Percent of People with Each Score
Percentile by Number Answered
Your Score History
You have not taken this quiz since the last reset